Ultrasound Technology in Green Chemistry

As a new and rapidly growing science, the applications of ultrasound methods in environmental technology hold a promising future. Compared to conventional methods, ultrasonication can bring several benefits such as being environmentally friendly (no toxic chemical are used or produced), low cost, an...

Full description

Bibliographic Details
Main Author: Sillanpää, Mika (Author)
Corporate Author: SpringerLink (Online service)
Format: Electronic eBook
Language:English
Published: Dordrecht : Springer Netherlands, 2011.
Series:SpringerBriefs in Molecular Science,
Subjects:
Online Access:Full Text via HEAL-Link
LEADER 02346nam a22004575i 4500
001 978-94-007-2409-9
003 DE-He213
005 20130726164915.0
007 cr nn 008mamaa
008 110824s2011 ne | s |||| 0|eng d
020 |a 9789400724099  |9 978-94-007-2409-9 
024 7 |a 10.1007/978-94-007-2409-9  |2 doi 
040 |d GrThAP 
050 4 |a QD1-999 
072 7 |a PN  |2 bicssc 
072 7 |a SCI013000  |2 bisacsh 
072 7 |a TEC012000  |2 bisacsh 
082 0 4 |a 540  |2 23 
100 1 |a Sillanpää, Mika.  |e author. 
245 1 0 |a Ultrasound Technology in Green Chemistry  |h [electronic resource] /  |c by Mika Sillanpää. 
264 1 |a Dordrecht :  |b Springer Netherlands,  |c 2011. 
300 |a V, 21p. 3 illus.  |b online resource. 
336 |a text  |b txt  |2 rdacontent 
337 |a computer  |b c  |2 rdamedia 
338 |a online resource  |b cr  |2 rdacarrier 
347 |a text file  |b PDF  |2 rda 
490 1 |a SpringerBriefs in Molecular Science,  |x 2191-5407 
505 0 |a Introduction -- Ultrasound - Background Overview -- Water Treatment -- Sludge Stabilization -- Sediment and Soil Remediation -- Air Pollution Control -- Environmental Analysis -- Conclusion. 
520 |a As a new and rapidly growing science, the applications of ultrasound methods in environmental technology hold a promising future. Compared to conventional methods, ultrasonication can bring several benefits such as being environmentally friendly (no toxic chemical are used or produced), low cost, and compact, allowing on-site treatment. Besides an overview featuring the background behind ultrasonic technology, this brief summarizes the main studies and innovations reported in recent research that has utilized ultrasound methods in environmental analysis, water, and sludge treatment, soil and sediment remediation to air purification. 
650 0 |a Chemistry. 
650 0 |a Environmental chemistry. 
650 1 4 |a Chemistry. 
650 2 4 |a Chemistry/Food Science, general. 
650 2 4 |a Environmental Chemistry. 
710 2 |a SpringerLink (Online service) 
773 0 |t Springer eBooks 
776 0 8 |i Printed edition:  |z 9789400724082 
830 0 |a SpringerBriefs in Molecular Science,  |x 2191-5407 
856 4 0 |u http://dx.doi.org/10.1007/978-94-007-2409-9  |z Full Text via HEAL-Link 
912 |a ZDB-2-CMS 
950 |a Chemistry and Materials Science (Springer-11644)